Sports Quiz

Random Sports Quiz

Top 10: gol su punizione in Serie A Quiz Stats

 Plays Quiz not verified by Sporcle

Score 0/10 Timer 04:00
0 Plays Today
Squadre in cui ha giocato in A Risposta % Correct
Brescia/Inter/Reggina/Milan/JuvePirlo
91.3%
JuventusDel Piero
90.1%
RomaTotti
89.9%
NapoliMaradona
86.9%
Fiorentina/Juve/Milan/Bologna/Inter/BresciaBaggio
81.5%
Roma/Samp/Lazio/InterMihajlovic
72.1%
Roma/JuventusPjanic
69.4%
JuventusPlatini
62.6%
Inter/Venezia/TorinoRecoba
59.4%
Napoli/Parma/CagliariZola
48.1%

You're not logged in!

Compare scores with friends on all Sporcle quizzes.
OR
Log In

Show Comments

Extras

Created Aug 14, 2019ReportNominate
Tags:gol, serie, Top 10

Top Quizzes Today


Score Distribution

Your Account Isn't Verified!

In order to create a playlist on Sporcle, you need to verify the email address you used during registration. Go to your Sporcle Settings to finish the process.

Report this User

Report this user for behavior that violates our Community Guidelines.

Details: